00726 2200193 4500001002100000005001700021008004100038035002500079040001200104082001200116090001800128110005800146245019100204260006700395300002300462650002100485850001200506990001400518INLIS00000000000749620150703095832.0  a0010-071500000000179 aYOPDYOG a992.621 a992.621 Pro B aProyek Penelitian dan Pengkajian Kebudayaan Nusantara aBicaranna mula timpaengngi si denreng najaji engka wanua ri Sidenreng :b(Asal-usul Kerajaan Sidenreng dan sistem pemerintahannya /cProyek Penelitian dan Pengkajian Kebudayaan Nusantara aJakartabDepdikbud Direktur Sejarah dan Nilai Tradisonalc1990 a149 hlm. ;c21 cm. aSejarah kerajaan aYOPDYOG a1341-PK/A